NHL Hockey Teams to Arenas - A Click Quiz - Statistics

General Stats
  • This quiz has been taken 2,541 times
    1,063 since last reset
  • The average score is 16 of 32
Answer Stats
Hint Answer % Correct
Rangers Madison Square Garden
81%
Bruins TD Garden
74%
Canadiens Bell Centre
71%
Red Wings Little Caesars Arena
66%
Penguins PPG Paints Arena
60%
Capitals Capital One Arena
59%
Kings Crypto.com Arena
59%
Flames Scotiabank Saddledome
58%
Avalanche Ball Arena
57%
Maple Leafs Scotiabank Arena
57%
Sharks SAP Center
55%
Senators Canadian Tire Centre
53%
Kraken Climate Pledge Arena
53%
Golden Knights T-Mobile Arena
52%
Ducks Honda Center
51%
Blackhawks United Center
50%
Stars American Airlines Center
49%
Predators Bridgestone Arena
48%
Jets Canada Life Centre
45%
Sabres KeyBank Center
45%
Panthers Amerant Bank Arena
44%
Devils Prudential Center
44%
Oilers Rogers Place
43%
Islanders UBS Arena
43%
Mammoth Delta Center
41%
Canucks Rogers Arena
41%
Hurricanes Lenovo Center
38%
Blue Jackets Nationwide Arena
34%
Blues Enterprise Center
32%
Wild Grand Casino Arena
30%
Flyers Xfinity Mobile Arena
25%
Lightning Benchmark International Arena
22%
No matching quizzes found
Score Distribution
Percent of People with Each Score
Percentile by Number Answered
Your Score History
You have not taken this quiz since the last reset